Purple Logos Quiz Stats

 Plays Quiz Updated Sep 15, 2017

Also try: Green Logos
Challenge
Share
Tweet
Score 0/16 Timer 04:00
0 Plays Today
% Correct
Yahoo
99.7%
Taco Bell
96.3%
Los Angeles Lakers
94.4%
FedEx Express
87.1%
Willy Wonka
85%
Baltimore Ravens
75.2%
Cadbury
68.3%
Colorado Rockies
67.1%
% Correct
the YMCA
58.1%
Sacramento Kings
56.4%
Planet Fitness
52.4%
Welch's
48.8%
Northwestern University
44.3%
Playstation Network
42.2%
Premier League
22.5%
Twitch
22%

You're not logged in!

Compare scores with friends on all Sporcle quizzes.
Join for Free
OR
Log In

You Might Also Like...

Show Comments

Extras

Top Quizzes Today


Score Distribution

Your Account Isn't Verified!

In order to create a playlist on Sporcle, you need to verify the email address you used during registration. Go to your Sporcle Settings to finish the process.

Report this User

Report this user for behavior that violates our Community Guidelines.

Details: